[Event "PUR-ch"]
[Site "San Juan"]
[Date "2022.04.09"]
[Round "6"]
[White "Rodriguez Santiago, Jaime"]
[Black "Fellman, Mike J"]
[Result "1/2-1/2"]
[WhiteElo "2052"]
[BlackElo "2092"]
[PlyCount "108"]
[EventDate "2022.04.02"]
[EventType "tourn"]
[EventRounds "9"]
[EventCountry "PUR"]
[SourceTitle "CBM 207 Extra"]
[Source "ChessBase"]
[SourceDate "2022.05.31"]
[SourceVersion "1"]
[SourceVersionDate "2022.05.31"]
[SourceQuality "1"]

1. d4 Nf6 2. c4 e6 3. g3 c5 4. d5 exd5 5. cxd5 d6 6. Nc3 g6 7. Bg2 Bg7 8. Nf3 0-0 9. 0-0 Re8 10. Bf4 Nh5 11. Bg5 Qd7 12. a4 h6 13. Bd2 Na6 14. Nb5 Nc7 15. Nxc7 Qxc7 16. Bc3 Bg4 17. Bxg7 Kxg7 18. Re1 Bxf3 19. Bxf3 Nf6 20. Qc2 Re5 21. Qc4 Rae8 22. b4 Ne4 23. Ra2 Kh7 24. Rc1 Qb6 25. a5 Qxb4 26. Qxb4 cxb4 27. Rc4 b3 28. Raa4 Nd2 29. Rcb4 Nxf3+ 30. exf3 R8e7 31. Re4 b2 32. Rab4 Rxe4 33. fxe4 Rxe4 34. Rxb2 Re7 35. f4 Kg7 36. Kf2 Kf8 37. f5 gxf5 38. Kf3 Kg7 39. Kf4 Kf6 40. Rb5 Re4+ 41. Kf3 Ra4 42. Rxb7 Rxa5 43. Rd7 Rxd5 44. Rxa7 Rd2 45. h4 Rd3+ 46. Kf4 Rd4+ 47. Kf3 Kg6 48. Rd7 f6 49. Rd8 f4 50. g4 f5 51. h5+ Kg7 52. gxf5 Kf6 53. Rf8+ Kg7 54. Rd8 Kf6 1/2-1/2

[Event "PUR-ch"]
[Site "San Juan"]
[Date "2022.04.03"]
[Round "3"]
[White "Fellman, Mike J"]
[Black "Burgos Rodriguez, Edison"]
[Result "1/2-1/2"]
[WhiteElo "2092"]
[BlackElo "1805"]
[PlyCount "78"]
[EventDate "2022.04.02"]
[EventType "tourn"]
[EventRounds "9"]
[EventCountry "PUR"]
[SourceTitle "CBM 207 Extra"]
[Source "ChessBase"]
[SourceDate "2022.05.31"]
[SourceVersion "1"]
[SourceVersionDate "2022.05.31"]
[SourceQuality "1"]

1. d4 f5 2. g3 Nf6 3. Bg2 g6 4. Nf3 d6 5. 0-0 Bg7 6. c4 0-0 7. Nc3 Nc6 8. d5 Ne5 9. Nxe5 dxe5 10. Qb3 e6 11. Rd1 Qe7 12. Bd2 e4 13. Nb5 a5 14. Bc3 Ne8 15. Bxg7 Qxg7 16. d6 cxd6 17. Nxd6 Nf6 18. Qc3 Ng4 19. Qxg7+ Kxg7 20. e3 Ne5 21. Bf1 Rb8 22. Rac1 Bd7 23. c5 Bc6 24. Nc4 Nf3+ 25. Kg2 a4 26. Nb6 Rfd8 27. Be2 Ne5 28. Kf1 Kf6 29. Nc4 Bd5 30. Nxe5 Kxe5 31. Bb5 Bc6 32. Bc4 Bd5 33. Ke1 b5 34. Bxd5 Rxd5 35. Rd2 Rc8 36. Rdc2 Rc6 37. Ke2 Rd3 38. f3 Kd5 39. h4 h5 1/2-1/2

[Event "San Sebastian Mendez Memorial 8th"]
[Site "San Sebastian del Pepino"]
[Date "2022.01.15"]
[Round "3.2"]
[White "Fellman, Mike J"]
[Black "Matos Santoni, Gamalier"]
[Result "1-0"]
[WhiteElo "2079"]
[BlackElo "1781"]
[PlyCount "97"]
[EventDate "2022.01.14"]
[EventType "swiss"]
[EventRounds "5"]
[EventCountry "PUR"]
[SourceTitle "EXT 2023"]
[Source "ChessBase"]
[SourceDate "2022.10.05"]
[SourceVersion "1"]
[SourceVersionDate "2022.10.05"]
[SourceQuality "1"]

1. d4 d5 2. c4 c6 3. Nc3 Nf6 4. cxd5 Nxd5 5. e4 Nf6 6. Nf3 Bg4 7. Be3 e6 8. Be2 Bb4 9. Qc2 Qa5 10. 0-0 0-0 11. h3 Bh5 12. g4 Bxc3 13. bxc3 Bg6 14. Nd2 Nd5 15. Rac1 Qc7 16. Qd3 Nd7 17. f4 Nxe3 18. Qxe3 f5 19. e5 fxg4 20. hxg4 Qa5 21. Bc4 Bf7 22. Bb3 Qd8 23. Qh3 c5 24. Ne4 h6 25. f5 exf5 26. Bxf7+ Rxf7 27. gxf5 cxd4 28. e6 Re7 29. cxd4 Qb6 30. Qe3 Nf6 31. Nxf6+ gxf6 32. Kh2 Rg7 33. Rg1 Rg5 34. Rxg5+ hxg5 35. Qe4 Kg7 36. Kg2 Rh8 37. Rb1 Rh4 38. Qxb7+ Qxb7+ 39. Rxb7+ Kf8 40. d5 Rd4 41. Rd7 Ke8 42. d6 a6 43. a3 Rd5 44. Kh3 Rd4 45. Kg3 Ra4 46. Ra7 Rxa3+ 47. Kg4 Kf8 48. Ra8+ Kg7 49. d7 1-0

[Event "Online Olym Div4 E"]
[Site "Chess.com INT"]
[Date "2021.08.21"]
[Round "6.6"]
[White "Johnson, Joshua"]
[Black "Fellman, Mike J"]
[Result "1/2-1/2"]
[WhiteElo "2131"]
[BlackElo "2069"]
[PlyCount "94"]
[EventDate "2021.08.20"]
[EventType "team (rapid)"]
[EventRounds "11"]
[EventCountry "USA"]
[SourceTitle "CBM 203 Extra"]
[Source "ChessBase"]
[SourceDate "2021.09.30"]
[SourceVersion "1"]
[SourceVersionDate "2021.09.30"]
[SourceQuality "1"]
[WhiteTeam "Trinidad and Tobago"]
[BlackTeam "Puerto Rico"]
[WhiteTeamCountry "TRI"]
[BlackTeamCountry "PUR"]

1. e4 c5 2. Nf3 d6 3. Bb5+ Bd7 4. Bxd7+ Qxd7 5. 0-0 Nf6 6. Qe2 Nc6 7. c3 e6 8. d4 cxd4 9. cxd4 d5 10. e5 Ne4 11. Ne1 Nxd4 12. Qd3 Nc6 13. Nf3 Be7 14. a3 0-0 15. Nbd2 Nxd2 16. Bxd2 f6 17. Bc3 fxe5 18. Nxe5 Nxe5 19. Bxe5 Bd6 20. Rfe1 Rac8 21. Bc3 Bc5 22. Re2 Rf7 23. Rae1 Rcf8 24. Bd4 Bxd4 25. Qxd4 Rf6 26. Qxa7 d4 27. Rd2 Rd8 28. Qc5 Rf5 29. Qc4 Rd5 30. h3 g6 31. Qe2 Rd6 32. Rd3 Re8 33. f4 Rd5 34. Red1 e5 35. fxe5 Rexe5 36. Qf2 Re4 37. Qf3 Qe7 38. R3d2 Re1+ 39. Kh2 Rf5 40. Qb3+ Kg7 41. Rxd4 Qe5+ 42. Qg3 Rxd1 43. Rxd1 Qxb2 44. Rd7+ Rf7 45. Rxf7+ Kxf7 46. Qc7+ Kg8 47. Qd6 Qb5 1/2-1/2

[Event "Online Olym Div4 D"]
[Site "Chess.com INT"]
[Date "2020.07.31"]
[Round "3.2"]
[White "James, Tondo"]
[Black "Fellman, Mike J"]
[Result "0-1"]
[WhiteElo "1900"]
[BlackElo "2076"]
[PlyCount "92"]
[EventDate "2020.07.31"]
[EventType "team-tourn (rapid)"]
[EventRounds "9"]
[EventCountry "USA"]
[SourceTitle "CBM 198"]
[Source "ChessBase"]
[SourceDate "2020.10.31"]
[SourceVersion "1"]
[SourceVersionDate "2020.10.31"]
[SourceQuality "1"]
[WhiteTeam "Liberia"]
[BlackTeam "Puerto Rico"]
[WhiteTeamCountry "LBR"]
[BlackTeamCountry "PUR"]

1. e4 c5 2. Nf3 d6 3. d4 Nf6 4. Bb5+ Bd7 5. Bxd7+ Qxd7 6. dxc5 Nxe4 7. cxd6 Nc6 8. 0-0 Nxd6 9. Re1 e6 10. b3 Be7 11. Bb2 0-0 12. c4 Rad8 13. Qe2 Nf5 14. Na3 Nfd4 15. Nxd4 Nxd4 16. Qg4 f5 17. Qxd4 Qxd4 18. Bxd4 Rxd4 19. Nb5 Rd2 20. Kf1 a6 21. Nc7 Bf6 22. Rad1 Rfd8 23. Rxd2 Rxd2 24. Nxe6 Rxa2 25. g3 Kf7 26. Nf4 Rb2 27. Re3 Bd4 28. Rf3 g6 29. Nd5 Ke6 30. Kg2 Kd6 31. h4 b5 32. Nf4 bxc4 33. bxc4 a5 34. Nh3 Kc5 35. Rd3 Kxc4 36. Rd1 a4 37. Rc1+ Kb3 38. Rc7 a3 39. Rxh7 a2 40. Rb7+ Kc2 41. Rc7+ Kb1 42. Rd7 Rd2 43. Rb7+ Kc1 44. Rc7+ Rc2 45. Rd7 a1Q 46. Nf4 Rxf2+ 0-1

[Event "Guaynabo op 3rd"]
[Site "Guaynabo"]
[Date "2020.02.21"]
[Round "1"]
[White "Fellman, Mike J"]
[Black "Martinez Perez, Alex R"]
[Result "1-0"]
[WhiteElo "2071"]
[BlackElo "1284"]
[PlyCount "45"]
[EventDate "2020.02.21"]
[EventType "swiss"]
[EventRounds "5"]
[EventCountry "PUR"]
[SourceTitle "CBM 195 Extra"]
[Source "ChessBase"]
[SourceDate "2020.05.31"]
[SourceVersion "1"]
[SourceVersionDate "2020.05.31"]
[SourceQuality "1"]

1. d4 Nf6 2. c4 e6 3. Nc3 d5 4. cxd5 exd5 5. Bg5 c6 6. e3 Bf5 7. Qf3 Bg6 8. Bxf6 Qxf6 9. Qxf6 gxf6 10. Nf3 Be4 11. Nh4 Bg6 12. g3 b5 13. Rc1 a5 14. Bxb5 cxb5 15. Nxd5 Bb4+ 16. Nxb4 0-0 17. Nxg6 fxg6 18. Nc6 Na6 19. Ke2 Nb4 20. a3 Nxc6 21. Rxc6 f5 22. Rhc1 Rfe8 23. Rb6 1-0

[Event "New York State-ch 138th"]
[Site "Colonie"]
[Date "2016.09.04"]
[Round "4"]
[White "Fellman, Mike J"]
[Black "Cheng, Michael"]
[Result "1-0"]
[WhiteElo "2138"]
[BlackElo "1959"]
[PlyCount "43"]
[EventDate "2016.09.02"]
[EventType "swiss"]
[EventRounds "6"]
[EventCountry "USA"]
[SourceTitle "CBM 174 Extra"]
[Source "ChessBase"]
[SourceDate "2016.10.10"]
[SourceVersion "1"]
[SourceVersionDate "2016.10.10"]
[SourceQuality "1"]

1. d4 c6 2. c4 d5 3. Nf3 Nf6 4. Nc3 dxc4 5. a4 Bf5 6. Ne5 Na6 7. f3 Nd7 8. Nxc4 e5 9. e4 exd4 10. exf5 dxc3 11. bxc3 Qf6 12. Qd4 Qxd4 13. cxd4 0-0-0 14. Be3 Bb4+ 15. Kf2 Nf6 16. Ne5 Rhf8 17. Bxa6 Bc3 18. Rac1 Bxd4 19. Bxd4 Rxd4 20. Rxc6+ Kb8 21. Rb1 Rd2+ 22. Ke1 1-0

[Event "New York State-ch 138th"]
[Site "Colonie"]
[Date "2016.09.04"]
[Round "3"]
[White "Johnston, Daniel F"]
[Black "Fellman, Mike J"]
[Result "1/2-1/2"]
[WhiteElo "2076"]
[BlackElo "2138"]
[PlyCount "57"]
[EventDate "2016.09.02"]
[EventType "swiss"]
[EventRounds "6"]
[EventCountry "USA"]
[SourceTitle "CBM 174 Extra"]
[Source "ChessBase"]
[SourceDate "2016.10.10"]
[SourceVersion "1"]
[SourceVersionDate "2016.10.10"]
[SourceQuality "1"]

1. e4 c5 2. Nf3 d6 3. d4 cxd4 4. Nxd4 Nf6 5. Nc3 a6 6. h3 e6 7. g4 d5 8. Nde2 Bb4 9. a3 Ba5 10. b4 Bb6 11. exd5 Nxd5 12. Nxd5 exd5 13. Bb2 0-0 14. Bg2 Be6 15. 0-0 Nc6 16. Nf4 d4 17. Nxe6 fxe6 18. Qe2 Qd6 19. Rae1 Rae8 20. Bxc6 Qxc6 21. Qe4 Qc7 22. Bxd4 Bxd4 23. Qxd4 Qxc2 24. Qd7 Qb3 25. Re3 Qd5 26. Qxd5 exd5 27. Rd3 Re5 28. Rfd1 Re2 29. Rf1 1/2-1/2

[Event "Minneapolis Knighter"]
[Site "Minneapolis"]
[Date "2012.06.20"]
[Round "9"]
[White "Hoover, Nathan"]
[Black "Fellman, Mike J"]
[Result "1-0"]
[WhiteElo "2123"]
[BlackElo "2002"]
[PlyCount "86"]
[EventDate "2012.04.25"]
[EventType "tourn"]
[EventRounds "9"]
[EventCountry "USA"]
[SourceTitle "EXT 2013"]
[Source "ChessBase"]
[SourceDate "2012.11.22"]
[SourceVersion "1"]
[SourceVersionDate "2012.11.22"]
[SourceQuality "1"]

1. e4 c5 2. Nf3 d6 3. d4 cxd4 4. Nxd4 Nf6 5. Nc3 a6 6. Be2 e5 7. Nb3 Be7 8. 0-0 0-0 9. f4 b5 10. a3 Bb7 11. Bf3 Nbd7 12. f5 Rc8 13. Qe1 a5 14. Kh1 b4 15. axb4 axb4 16. Na2 d5 17. exd5 Nxd5 18. Qg3 Qb6 19. Rd1 Qb5 20. Bh6 Bf6 21. Bxd5 Bxd5 22. Nxb4 Bxb3 23. Rxd7 Kh8 24. Rd6 gxh6 25. Rxf6 Bxc2 26. Nxc2 Rxc2 27. Rxf7 Rg8 28. Rg7 Rgc8 29. h3 Qb6 30. Kh2 Qf6 31. Raa7 Qxf5 32. Raf7 Qe4 33. Rxh7+ Qxh7 34. Qxe5+ Kg8 35. Rxh7 Kxh7 36. b4 R8c7 37. b5 R2c5 38. Qe4+ Kg8 39. b6 Rc8 40. b7 Rb8 41. Qg6+ Kh8 42. Qxh6+ Kg8 43. Qg6+ Kh8 1-0